000 01308cam a2200289 i 4500
003 SA-RiAUC
005 20260221133945.0
008 260217s1941 ua g 00000 ara c
040 _aSA-RiAUC
_bara
_cSA-RiAUC
_erda
050 4 _b.K39 1998
082 0 4 _a258
_qSA-RiAUC
090 _aم ن 258
_bك و ث
100 1 _aالكوثري، محمد زاهد بن الحسن،
_d1879-1952
_eمؤلف.
245 1 0 _aإحقاق الحق بإبطال الباطل في مغيث الخلق /
_cبقلم محمد زاهد بن الحسن الكوثري.
250 _aالطبعة الأولى.
264 1 _a[مكان النشر غير محدد] :
_b[الناشر غير محدد]،
_c1941
264 3 _aالقاهرة :
_bمطبعة الأنوار
300 _a72 صفحة ؛
_c29 سم
336 _aنص
_btxt
_2rdacontent
_3كتاب
337 _aبدون وسيط
_bn
_2rdamedia
338 _aمجلد
_bnc
_2rdacarrier
650 7 _aالاختلاف (فقه إسلامي)
_2aucsh
650 7 _aعلم الكلام
_2aucsh
700 1 2 _iشرح لـ (عمل) :
_aإمام الحرمين، عبد الملك بن عبد الله بن يوسف،
_d419-478 هجري.
_tمغيث الخلق في ترجيح القول الحق
942 _2ddc
_cRBOOK COPY
_n0
949 _aSA-JeALM
_d260217
_umohamedma123
_n1
999 _c14448
_d14448